Office 2007 : (Record no. 7360)
[ view plain ]
| 000 -LEADER | |
|---|---|
| fixed length control field | 00695nam a22002172 4500 |
| 001 - CONTROL NUMBER | |
| control field | 0000007044 |
| 005 - DATE AND TIME OF LATEST TRANSACTION | |
| control field | 20151217152020.0 |
| 008 - FIXED-LENGTH DATA ELEMENTS--GENERAL INFORMATION | |
| fixed length control field | 071109s xx 000 0 eng d |
| 020 ## - INTERNATIONAL STANDARD BOOK NUMBER | |
| International Standard Book Number | 8184043309 : |
| Terms of availability | KES 4400 |
| 040 ## - CATALOGING SOURCE | |
| Original cataloging agency | KABU |
| Transcribing agency | KABU |
| 100 1# - MAIN ENTRY--PERSONAL NAME | |
| Personal name | Grover, Chris. |
| -- | 0000158079 |
| 245 10 - TITLE STATEMENT | |
| Title | Office 2007 : |
| Remainder of title | the missing manual / |
| Statement of responsibility, etc. | Chris Grover, Matthew MacDonald, and E. A. Vander Veer. |
| 260 ## - PUBLICATION, DISTRIBUTION, ETC. (IMPRINT) | |
| Place of publication, distribution, etc. | Mumbai : |
| Name of publisher, distributor, etc. | SPD, |
| Date of publication, distribution, etc. | 2007. |
| 300 ## - PHYSICAL DESCRIPTION | |
| Extent | xxiv, 853 p. |
| 650 #0 - SUBJECT ADDED ENTRY--TOPICAL TERM | |
| Topical term or geographic name as entry element | Microsoft Office. |
| -- | 0000148318 |
| 700 1# - ADDED ENTRY--PERSONAL NAME | |
| Personal name | MacDonald, Matthew. |
| -- | 0000157537 |
| 700 1# - ADDED ENTRY--PERSONAL NAME | |
| Personal name | Vander Veer, E. A. |
| -- | 0000158080 |
| 908 ## - PUT COMMAND PARAMETER (RLIN) | |
| Put command parameter | 071109 |
| 950 ## - LOCAL HOLDINGS (RLIN) | |
| -- | 1 |
| Withdrawn status | Lost status | Source of classification or shelving scheme | Not for loan | Home library | Current library | Date acquired | Total Checkouts | Full call number | Barcode | Date last seen | Price effective from | Koha item type |
|---|---|---|---|---|---|---|---|---|---|---|---|---|
| Library of Congress Classification | Kabarak, Main Campus | Kabarak, Main Campus | 17/12/2015 | HF5548.4 .M525G76 2007 | 010577 | 02/08/2024 | 17/12/2015 | General Collection |